History Quiz

Random History or War Quiz

Hand-Drawn History Quiz Stats

Quiz Updated Jun 9, 2016

Also try: Badly Drawn Medley
Challenge
Share
Tweet
Score 0/30 Timer 08:00
32 Plays Today
% Correct
The Moon Landing
99.6%
The Boston Tea Party
95.3%
The sinking of the Titanic
94.6%
The discovery of America
93.1%
The fall of the Berlin Wall
92.7%
The French Revolution
92.2%
The California Gold Rush
92%
The Wright Brothers' first flight
89.5%
The Spanish Armada
88.4%
The Great Depression
87.8%
The death of Cleopatra
86.2%
The D-Day Landings
84.9%
The Russian Revolution
83.2%
The assassination of Julius Caesar
78.1%
Martin Luther nails his Ninety-five Theses
76.3%
% Correct
Lincoln delivers the Gettysburg Address
76.1%
The First Crusade
74.9%
The Hindenburg Disaster
73.7%
The assassination of Franz Ferdinand
73.3%
The Sack of Troy
73%
The Berlin Olympic Games
67.2%
The Battle of Hastings
58.6%
The Gulf War
58.4%
The Fall of Saigon
48.1%
The Battle of Britain
47.8%
The Tiananmen Square Protests
46.4%
The Battle of the Little Bighorn
42.7%
The Battle of Waterloo
41.8%
The Battle of Thermopylae
28.5%
The execution of Charles I
26%

You're not logged in!

Compare scores with friends on all Sporcle quizzes.
Join for Free
OR
Log In

You Might Also Like...

Show Comments

Extras

Top Quizzes Today


Score Distribution

Your Account Isn't Verified!

In order to create a playlist on Sporcle, you need to verify the email address you used during registration. Go to your Sporcle Settings to finish the process.

Report this User

Report this user for behavior that violates our Community Guidelines.

Details: